The Christian's business : (Record no. 3847)

MARC details
000 -LEADER
fixed length control field 00785cam a22002531a 4500
001 - CONTROL NUMBER
control field 10326817
003 - CONTROL NUMBER IDENTIFIER
control field GBCCL
005 - DATE AND TIME OF LATEST TRANSACTION
control field 20241126110505.0
008 - FIXED-LENGTH DATA ELEMENTS--GENERAL INFORMATION
fixed length control field 830517s1964 tnu 000 0 eng
010 ## -
-- 64018272
035 ## - SYSTEM CONTROL NUMBER
System control number (OCoLC)9518112
040 ## - CATALOGING SOURCE
Original cataloging agency DLC
Transcribing agency IWW
Modifying agency IWW
-- DLC
042 ## -
-- premarc
050 00 -
-- BV3790
-- .L258
082 ## - DEWEY DECIMAL CLASSIFICATION NUMBER
Classification number 269.2
Item number LEA
100 1# - MAIN ENTRY--PERSONAL NAME
Personal name Leavell, Roland Quinche,
Dates associated with a name 1891-1963.
9 (RLIN) 9403
245 14 - TITLE STATEMENT
Title The Christian's business :
Remainder of title being a witness /
Statement of responsibility, etc. Roland Q. Leavell.
260 ## - PUBLICATION, DISTRIBUTION, ETC.
Place of publication, distribution, etc. Nashville, Tenn. :
Name of publisher, distributor, etc. Broadman Press,
Date of publication, distribution, etc. 1964.
300 ## - PHYSICAL DESCRIPTION
Extent 128 p. ;
Dimensions 20 cm.
650 #0 - SUBJECT ADDED ENTRY--TOPICAL TERM
Topical term or geographic name entry element Evangelistic work
9 (RLIN) 290
650 #0 - SUBJECT ADDED ENTRY--TOPICAL TERM
Topical term or geographic name entry element Witness bearing (Christianity)
Form subdivision Handbooks, manuals, etc.
9 (RLIN) 9470
906 ## - LOCAL DATA ELEMENT F, LDF (RLIN)
a 7
b cbc
c oclcrpl
d u
e ncip
f 19
g y-gencatlg
942 ## - ADDED ENTRY ELEMENTS (KOHA)
Source of classification or shelving scheme Dewey Decimal Classification
Koha item type Books
Koha issues (borrowed), all copies 4
Holdings
Withdrawn status Lost status Source of classification or shelving scheme Damaged status Not for loan Home library Current Library Shelving location Date acquired Total checkouts Full call number Barcode Date last seen Date last checked out Copy number Price effective from Koha item type
    Dewey Decimal Classification     GRACE BIBLE COLLEGE GRACE BIBLE COLLEGE Ministry & Mission 2017-12-14 4 269.2 LEA 008689 2025-05-01 2019-02-04 c.2 2017-12-14 Books
© Grace Bible College Library 2025